000 00714cab a2200229 4500
001 ABS50442
008 090401t1994 xxu||||| |||| 00| 0 eng d
035 _a(Sirsi) u75758
041 _aeng
100 _aCourt, Y.
245 _aDepartment stores look for a new image
260 _c1994
350 _a0
490 _aProperty Week
_v47(3) 21 April 1994, 33(1)
520 _aAssesses the future for department stores in the retail sector. Lists number of stores of leading chains such as Alders and Debenhams.
650 _aDEPARTMENT STORES
650 _aOCCUPIER MONITOR
650 _aRETAIL PROPERTY
690 _aPROPERTY-COMMERCIAL PROPERTY-RETAIL PROPERTY
942 _n0
948 _c04/03/1997
999 _c47653
_d47653